00631nam a2200145 a 450000100080000000500110000800800410001910000170006024500720007726001020014952001860025165000160043765000220045365000100047510316682020-01-15 2009 bl uuuu u00u1 u #d1 aMARIN, F. R. aSem chuva, colheita de soja e milho avança.h[electronic resource] aO Estado de S. Paulo, São Paulo, Ano 52, n. 2.781, 25 fev. 2009. Caderno agrícola, p. 12.c2009 aProdutores de uva e cafeicultores também aproveitam tempo seco para realizar tratos fitossanitários. Nos pomares de laranja, preço baixo e qualidade ruim preocupam. Pasto e cana. aAgricultura aBalanço hídrico aClima